00826nam a2200217 i 4500001000300000245012500003260005800128300005000186504003400236650004800270650001900318655002900337700002500366020002300391020002700414040000800441041000700449080001300456008004100469856009800510bg CaProceedings of the 8th American Water Jet Conference. Vol.2 :bAugust 26-29, 1995 Houston, Texas /ced. by Thomas Labus. aSt. Louis :bWater Jet Technology Association,c1995. aXII, 457, 2 s. :bfot., rys., wykr. ;c28 cm. aBibliogr. przy ref. - Indeks. 9aWysokociśnieniowa struga wodyxstosowanie 9aHydromechanika aMateriały konferencyjne1 aLABUS, Thomas.eRed. a1880342065 (Vol.2) a1880342073 (2 Vol.Set) cBPK0 aen a532(061) s pl f |000 0 pol  uhttp://koha.tu.koszalin.pl/cgi-bin/koha/opac-detail.pl?biblionumber=39889yKatalog online BPK